1721 1561 1958 1632 1877 1818 1902 1189 1262 1220 1450 1684 1324 1460 1897 1625 1637 1375 1534 1119 1453 1630 1809 1997 1871 1538 1492 1005 1995 1898 1919 1509 1709 1148 1890 1654 1205 1698 1103 1085 1911 1295 1845 1218 1768 1730 1638 1242 1122 1591 1659 1354 1529 1879 1746 1606 1587 1058 1203 1271 1392 1659 1239 1378 1291 1373 1213 1814 1779 1374 1657 1181 1883 1676 1516 1058 1947 1940 1617 1547 1286 1858 1647 1242 1365 1951 1596 1265 1371 1565 1888 1797 1340 1020 1053 1866 1487 1840 1395 BCNSPRNW ULIB Ver.6.0+V

เปลี่ยนเป็นภาษาไทย

Change to English
 แสดงรายละเอียดบรรณานุกรม
  กลับหน้าหลัก

Brief Record : Get Marc (ISO 2709) : E-mail record : QR code < ปิดหน้าต่าง
LEADER : 00000nam 2200000uu 4500
001    13399115156
003     ULIB
008    120713s2553||||th 000 0 tha d
020    9786169030362
099    นว.^bก881จ
100 0  แก่นฝัน
245 00 เจาะระบบหัวใจ^cแก่นฝัน
260    กรุงเทพฯ:^bCoolkat,^c2553
945    ^p195^l0^i17066
995    เกษร
999 ^a ใช้งานได้ทุกระบบ
รายการนี้ยังไม่มีแท็ก
คุณยังไม่ได้ล็อกอิน คุณสามารถมีกิจกรรมร่วมกับเว็บไซต์ได้ แต่ต้องล็อกอินก่อน ::
  ล็อกอิน

รายการสื่อสารสนเทศ

ลำดับที่ ประเภท เลขเรียก/บาร์โค้ด สถานที่ สถานะ
- ไม่พบข้อมูล -

รายการใกล้เคียง
    ผู้แต่ง [แก่นฝัน]

BibComment


ยังไม่เคยถูกคอมเมนท์

คอมเมนท์ทรัพยากรรายการนี้
  คอมเมนท์: เจาะระบบหัวใจ แก่..


 Copyright 2026. Bcnsprnw @Library